| 000 | 00635nam a2200205Ia 4500 | ||
|---|---|---|---|
| 003 | OSt | ||
| 005 | 20250808123329.0 | ||
| 008 | 210210b2001 xxu||||| |||| 00| 0 eng d | ||
| 040 | _cAL | ||
| 041 | _aKannada | ||
| 082 | _aK894.4 KARV | ||
| 100 |
_aKARNATAKA SAHITYA AKADEMI. _dಕರ್ನಾಟಕ ಸಾಹಿತ್ಯ ಅಕಾಡೆಮಿ _9234682 |
||
| 245 |
_aVichara sahitya 2000. _bವಿಚಾರ ಸಾಹಿತ್ಯ |
||
| 260 |
_aBengaluru _bKarnataka Sahithya Akademi., _c2001 |
||
| 300 | _axiv,418 | ||
| 650 |
_aJi Ar Tippesvami _9234683 |
||
| 690 |
_aKannada Prose _9234684 |
||
| 906 | _aSG04199 | ||
| 942 |
_2ddc _cBK |
||
| 999 |
_c115035 _d115035 |
||